00355nam a2200121Ia 4500008004100000245009200041260001700133260000900150300000900159650002300168650001200191856003000203170516s9999 xx 000 0 und d aCan MicroRNAs Improve the Management of Lung Cancer Patients? A Clinician's Perspective bTheranostics c2013 a3:12 xMedical Technology xMedtech uhttp://www.thno.org/v3i12